000 00724nam a2200289Ia 4500
005 20260324131148.0
008 008 260324s9999 xx 000 0 eng d
020 _a9780203051160
037 _aEBOOK
040 _aCRL
040 _beng
040 _cCRL
041 _2eng
041 _aeng
084 _qCRL
100 _aMark Brennan; Deborah Heiser
_91184457
245 0 _aSpiritual Assessment and Intervention with Older Adults
245 0 _bCurrent Directions and Applications
260 _bTaylor and Francis
260 _c2006
365 _a
365 _b230
856 _uhttp://www.taylorfrancis.com/books/9780203051160
942 _cEBOOK
999 _c1781366
_d1781366